000 00394nam a22001457a 4500
020 _a1855011107
082 _a641.5
_bFER
_cN-, P-42
100 _aFerguson, Judith
_946881
245 _aCooking with herbs & spices
_cFerguson, Judith
260 _aLondon
_bTider Books
300 _a64 p.
_bill.
_c27 cm
526 _a0
_b0
_c0
_d641_500000000000000_FER
650 _aNUST
_96342
942 _2ddc
_cBK
999 _c550134
_d550134